"United States" in Different Languages - Click Quiz - Statistics

General Stats
  • This quiz has been taken 143 times
    141 since last reset
  • The average score is 12 of 25
Answer Stats
Hint Answer % Correct
United States English
89%
Estados Unidos Portuguese / Spanish
88%
États-Unis French
84%
Amerika Birleşik Devletleri Turkish
69%
Stati Uniti d’America Italian
66%
Verenigde Staten Dutch
58%
Shtetet e Bashkuara të Amerikës Albanian
56%
Stáit Aontaithe Mheiriceá Irish
51%
Vereinigte Staaten German
50%
Stany Zjednoczone Polish
50%
Marekani Swahili
50%
Amerikai Egyesült Államok Hungarian
45%
Verenigde State van Amerika Afrikaans
44%
Amerika Serikat Indonesian
43%
Estats Units d’Amèrica Catalan
42%
Amerikas Savienotās Valstis Latvian
41%
Statele Unite ale Americii Romanian
41%
Unol Daleithiau America Welsh
38%
Jungtinės Amerikos Valstijos Lithuanian
37%
Spojené státy americké Czech
36%
Združene države Amerike Slovenian
33%
Yhdysvallat Finnish
30%
Ameerika Ühendriigid Estonian
28%
Bandaríkin Icelandic
25%
Spojené štáty Slovak
24%
No matching quizzes found
Score Distribution
Percent of People with Each Score
Percentile by Number Answered
Your Score History
You have not taken this quiz since the last reset